Slap Battles - Alchemist Recipe - Statistics

General Stats
  • This quiz has been taken 2 times
  • The average score is 8 of 20
Answer Stats
Hint Answer % Correct
1 Red Crystal 1 Blue Crystal 1 Glowing Mushroom Confusion Potion
100%
2 Plane Flower 1 Hazel Lily Corrupted Field Potion
100%
1 Mushroom Grug Potion
100%
1 Cake Mix Idiot Potion
100%
1 Cake Mix in Oven Birthday Cake
50%
3 Wild Vine 1 Blood Rose 1 Dark Root 1 Jade Stone 1 Elder Wood Corrupted Vine Potion
50%
1 Red Crystal 2 Fire Flower Expotion
50%
1 Mushroom 1 Hazel Lily Feather Potion
50%
2 Winter Rose 1 Wild Vine 1 Blue Crystal 1 Glowing Mushroom Freeze Potion
50%
1 Autumn Sprout 1 Jade Stone Haste Potion
50%
10 Blood Rose 10 Dark Root Lethal Poison
50%
3 Dark Roots Nightmare Potion
50%
2 Plane Flower Paralyzing Potion
50%
2 Plane Flower 1 Blue Crystal 1 Glowing Mushroom 1 Elder Wood AntiToxin Potion
0%
2 Mushroom 1 Elder Wood Invincible Potion
0%
2 Hazel Lily 1 Blue Crystal Invisibility Potion
0%
3 Elder Wood 1 Blue Crystal 1 Red Crystal Lost Potion
0%
1 Dire Flower 1 Red Crystal 1 Wild Vine Power Potion
0%
2 Mushroom 2 Blue Crystal 1 Jade Stone 1 Plane Flower Slow Potion
0%
2 Mushroom 1 Plane Flower 1 Hazel Lily Speed Potion
0%
2 Dark Root 1 Blood Rose 1 Red Crystal Toxic Potion
0%
No matching quizzes found
Score Distribution
Percent of People with Each Score
Percentile by Number Answered
Your Score History
You have not taken this quiz